| 000 | 00586nam a2200205Ia 4500 | ||
|---|---|---|---|
| 003 | GCL | ||
| 008 | 140319s9999 xx 000 0 eng d | ||
| 040 |
_aGCL / _cGCL |
||
| 082 | 0 | 4 |
_a303.6907 _bH E |
| 100 | 1 | _aHUTCHINSON, FRANCIS | |
| 245 | 1 | 0 |
_aEDUCATING BEYOND VIOLENT FUTURES / _cHUTCHINSON, FRANCIS |
| 260 |
_a[S.N] : _bROUTLEDGE ، _c1996 |
||
| 300 | _a304 P | ||
| 650 | 0 | 4 | _aCONFLICT MANAGEMENT |
| 650 | 0 | 4 | _aNONVIOLENCE - STUDY AND TEACHING |
| 650 | 0 | 4 | _aSTUDY AND MANAGEMENT |
| 650 | 0 | 4 | _aVIOLENCE - PREVENTION |
| 650 | 0 | 4 | _aPEACE - STUDY AND TEACHING |
| 942 |
_2ddc _cBK |
||
| 999 |
_c13263 _d13263 |
||